00658nam a2200193 i 4500001000300000100002200003245009200025260005500117650002000172655001400192040000800206041001300214080002500227942000700252008004100259999001700300856009800317952004900415bg1 aHNATEK, Eugene R.10aUkłady scalone monolityczne i hybrydowe :bporadnik użytkownika /cEugene R. Hnatek. aWarszawa :bWydawnictwa Naukowo-Techniczne,c1978. 9aUkłady scalone aPoradniki cBPK1 apolheng a621.3.049.77](083.1) cKS s pl f |000 0 pol  c35514d35514 uhttp://koha.tu.koszalin.pl/cgi-bin/koha/opac-detail.pl?biblionumber=35514yKatalog online BPK 00104070aBPKbBPKcwoS 281p02327303yKS